书目信息 |
| 书名: | Second Hand Dog | |
| 作者: | Carol Lea Benjamin | |
| 分册号: | ||
| 分册名: | 出版地: | america |
|
| 出版社: | John Wiley & Sons | |
| 出版时间: | 1998 | |
| 页数: | 96p | |
| 开本: | 24cm | |
| 丛书名: | ||
| 中图分类号: | ||
| 科图分类号: | ||
| 其他分类号: | S829.2 | |
| 主题词: | ||
| 电子资源: | ||
| 000 | 00392nam0 2200145 450 | |
| 001 | 202012003564 | |
| 005 | 20121206093624.0 | |
| 008 | 12120601s | |
| 020 | @a9780876057353@c$9.95 | |
| 099 | @dS829.2@eC2925 | |
| 245 | 10 | @aSecond Hand Dog@c Carol Lea Benjamin |
| 260 | 0 | @aamerica@b John Wiley & Sons @c1998 |
| 300 | @a96p@c24cm | |
| 905 | @b15173-4 | |
| 905 | @aTSG@dS829.2@eC2925 | |
| Second Hand Dog / Carol Lea Benjamin .-america : John Wiley & Sons , 1998 |
| 96p ; 24cm |
| ISBN 9780876057353$9.95 |
| ● |
| 相关链接 |
|
|
|
正题名:Second Hand Dog
索取号:S829.2/C2925
 
预约/预借
| 序号 | 登录号 | 条形码 | 馆藏地/架位号 | 状态 | 备注 |
| 1 | 15173 | 300151733 | 自科库401/422社科库 52排4列2层/ [索取号:S829.2/C2925] | 在馆 | |
| 2 | 15174 | 300151742 | 自科库401/422社科库 52排4列2层/ [索取号:S829.2/C2925] | 在馆 |